[Event "Linares"]
[Site "Linares"]
[Date "1995.??.??"]
[Round "2"]
[White "Illescas Cordoba, Miguel"]
[Black "Shirov, Alexei"]
[Result "1/2-1/2"]
[WhiteElo "2595"]
[BlackElo "2710"]

1.d4 Nf6 2.Nf3 e6 3.c4 c5 4.d5 exd5 5.cxd5 d6 6.Nc3 g6 7.h3 Bg7 8.e4 O-O
9.Bd3 b5 10.Bxb5 Nxe4 11.Nxe4 Qa5+ 12.Nfd2 Qxb5 13.Nxd6 Qa6 14.N2c4 Nd7 15.O-O Nb6
16.Nxb6 Qxb6 17.Nxc8 Raxc8 18.Qb3 c4 19.Qxb6 axb6 20.a4 Rfd8  1/2-1/2

[Event "Linares"]
[Site "Linares"]
[Date "1995.??.??"]
[Round "3"]
[White "Lautier, Joel"]
[Black "Illescas Cordoba, Miguel"]
[Result "0-1"]
[WhiteElo "2655"]
[BlackElo "2595"]

1.d4 Nf6 2.c4 c5 3.Nf3 cxd4 4.Nxd4 e5 5.Nb5 d5 6.cxd5 Bc5 7.N5c3 O-O 8.e3 Qe7
9.Be2 e4 10.a3 Rd8 11.b4 Bd6 12.Bb2 Be5 13.Qb3 Nbd7 14.Nd2 Nb6 15.Rd1 Bf5
16.Nc4 Nxc4 17.Qxc4 Rac8 18.Qb3 a6 19.Na4 Bxb2 20.Qxb2 Rxd5 21.Rxd5 Nxd5
22.O-O Qf6 23.Rc1 Qxb2 24.Rxc8+ Bxc8 25.Nxb2 Nc3 26.Kf1 Be6 27.Ke1 f5 28.Nd1 Nb1
29.a4 Kf7 30.Nb2 Ke7 31.Nc4 Nc3 32.Na5 Nxe2 33.Kxe2 Bd5  0-1

[Event "Linares"]
[Site "Linares"]
[Date "1995.??.??"]
[Round "3"]
[White "Ivanchuk, Vassily"]
[Black "Khalifman, Alexander"]
[Result "1/2-1/2"]
[WhiteElo "2700"]
[BlackElo "2635"]

1.d4 Nf6 2.c4 e6 3.Nf3 d5 4.Bg5 Be7 5.Nc3 h6 6.Bh4 O-O 7.e3 b6 8.Rc1 Bb7
9.a3 c5 10.cxd5 exd5 11.Bd3 Nbd7 12.dxc5 bxc5 13.O-O Ne4 14.Qb3 Nb6 15.Bxe7 Qxe7
16.Qb5 Rfc8 17.Bxe4 dxe4 18.Nd2 c4 19.Qb4 Qe6 20.Ne2 a5 21.Qc3 Na4 22.Qc2 Nc5
23.Nf4 Qf5 24.f3 Nd3 25.fxe4 Qb5 26.Rb1  1/2-1/2

[Event "Linares"]
[Site "Linares"]
[Date "1995.??.??"]
[Round "4"]
[White "Sokolov, Ivan"]
[Black "Beliavsky, Alexander G"]
[Result "1/2-1/2"]
[WhiteElo "2645"]
[BlackElo "2650"]

1.d4 d5 2.c4 c6 3.Nc3 Nf6 4.e3 e6 5.Nf3 Nbd7 6.Qc2 Bd6 7.Bd2 O-O 8.Bd3 dxc4
9.Bxc4 e5 10.O-O exd4 11.exd4 Nb6 12.Bd3 Re8 13.Rae1 Rxe1 14.Rxe1 h6 15.Ne5 Be6
16.a3 Bf8 17.Ne2 Nbd5 18.h3 Rc8 19.b4 Nd7 20.Bh7+ Kh8 21.Bf5 Nxe5 22.dxe5 c5
23.Bxe6 fxe6 24.Rc1 Rc7 25.Qe4 cxb4 26.Rxc7 Qxc7 27.axb4 Qb6 28.Qg6 Qa6 29.Qe4 Qa2
30.Qd4 Bxb4 31.Bxb4 Qxe2 32.Bd2 a6 33.f4 Qb5 34.Kh2 Qc5 35.Qa4 b5 36.Qxa6 Qb6
37.Qc8+ Kh7 38.Qd7 Qd4 39.Be1 Qe4 40.Qxe6 Nxf4 41.Qg4 g5 42.Qd7+ Kg6  1/2-1/2

[Event "Linares"]
[Site "Linares"]
[Date "1995.??.??"]
[Round "4"]
[White "Illescas Cordoba, Miguel"]
[Black "Dreev, Alexey"]
[Result "1/2-1/2"]
[WhiteElo "2595"]
[BlackElo "2650"]

1.d4 d5 2.c4 c6 3.Nf3 Nf6 4.Nc3 e6 5.Bg5 h6 6.Bxf6 Qxf6 7.e3 Nd7 8.a3 g6
9.Bd3 dxc4 10.Bxc4 Bg7 11.O-O O-O 12.Qc2 b6 13.e4 Bb7 14.Rad1 Rfd8 15.e5 Qe7
16.Rfe1 Rac8 17.Qe2 c5 18.d5 exd5 19.Nxd5 Bxd5 20.Rxd5 Nf8 21.Red1 Rxd5 22.Rxd5 Rd8
23.Qd3 Rxd5 24.Qxd5 Qe6 25.Qe4  1/2-1/2

[Event "Linares"]
[Site "Linares"]
[Date "1995.??.??"]
[Round "6"]
[White "Ivanchuk, Vassily"]
[Black "Topalov, Veselin"]
[Result "1-0"]
[WhiteElo "2700"]
[BlackElo "2630"]

1.c4 Nf6 2.Nc3 g6 3.e4 d6 4.d4 Bg7 5.Nf3 O-O 6.Be2 e5 7.Be3 h6 8.O-O Ng4
9.Bc1 Na6 10.Rb1 f5 11.dxe5 Nxe5 12.Nxe5 dxe5 13.b4 c6 14.b5 cxb5 15.Nxb5 Be6
16.Ba3 Qxd1 17.Rfxd1 Rfd8 18.Rxd8+ Rxd8 19.Nxa7 Bf8 20.Bxf8 Kxf8 21.exf5 gxf5
22.Rb2 Nc5 23.f3 Na4 24.Rc2 f4 25.Kf1 Bf5 26.Rc1 Rd2 27.c5 e4 28.c6 bxc6
29.Nxc6 exf3 30.Bxf3 Rxa2 31.Nd4 Bd7 32.Bc6 Nb6 33.Bxd7 Nxd7 34.Ne6+ Kf7
35.Nxf4 Ne5 36.h3 Ra4 37.Nd5 Ke6 38.Rd1 Ra3 39.Kf2 Nd3+ 40.Rxd3  1-0

[Event "Linares"]
[Site "Linares"]
[Date "1995.??.??"]
[Round "7"]
[White "Topalov, Veselin"]
[Black "Illescas Cordoba, Miguel"]
[Result "1-0"]
[WhiteElo "2630"]
[BlackElo "2595"]

1.e4 c5 2.Nf3 Nc6 3.d4 cxd4 4.Nxd4 Nf6 5.Nc3 e5 6.Ndb5 d6 7.Bg5 a6 8.Na3 b5
9.Bxf6 gxf6 10.Nd5 Bg7 11.c3 f5 12.exf5 Bxf5 13.Nc2 O-O 14.Nce3 Be6 15.Bd3 f5
16.Bc2 Bh6 17.O-O Ra7 18.f4 Qh4 19.g3 Rg7 20.Nc7 exf4 21.Ng2 Qh3 22.Rxf4 Bxf4
23.Nxf4 Rxg3+ 24.Kh1 Qh6 25.Qxd6  1-0

[Event "Linares"]
[Site "Linares"]
[Date "1995.??.??"]
[Round "9"]
[White "Beliavsky, Alexander G"]
[Black "Illescas Cordoba, Miguel"]
[Result "1/2-1/2"]
[WhiteElo "2650"]
[BlackElo "2595"]

1.d4 Nf6 2.Nf3 d5 3.c4 dxc4 4.Nc3 a6 5.e4 b5 6.e5 Nd5 7.a4 Nxc3 8.bxc3 Qd5
9.g3 Bb7 10.Bg2 Qd7 11.e6 Qxe6+ 12.Be3 Qc8 13.d5 Nd7 14.O-O Nf6 15.Ne5 e6
16.dxe6 fxe6 17.Bg5 Bd6 18.Bxf6 O-O 19.Bxg7 Kxg7 20.Qg4+ Kh8 21.Bxb7 Qxb7
22.Qxe6 Qc8 23.Qd5 Qf5 24.Rae1 Rad8 25.axb5 axb5 26.f4 Bxe5 27.Qxe5+ Qxe5
28.Rxe5 c6 29.Re6 Rd3 30.Rc1 Ra8 31.f5 Ra2 32.f6 Kg8 33.Rf1 Kf7 34.Re7+ Kf8
35.Rxh7 Rdd2 36.Rh8+ Kf7 37.Rh7+ Kg6 38.Rh4 Rg2+ 39.Kh1 Rgf2 40.Rxf2 Rxf2
41.Kg1 Rxf6 42.Kg2 Rd6 43.Rg4+ Kf5 44.Rf4+ Ke5 45.h4 c5 46.h5 Rh6 47.Rh4 Kf5
48.Kf3 Kg5 49.Ke4 b4 50.Kd5 Rxh5  1/2-1/2

[Event "Linares"]
[Site "Linares"]
[Date "1995.??.??"]
[Round "9"]
[White "Ljubojevic, Ljubomir"]
[Black "Topalov, Veselin"]
[Result "1/2-1/2"]
[WhiteElo "2580"]
[BlackElo "2630"]

1.d4 Nf6 2.c4 c5 3.d5 b5 4.cxb5 a6 5.bxa6 g6 6.Nc3 Bxa6 7.Nf3 d6 8.e4 Bxf1
9.Kxf1 Bg7 10.g3 Nbd7 11.Kg2 O-O 12.Re1 Ra6 13.h3 Qa8 14.Bg5 h6 15.Bd2 e6
16.dxe6 fxe6 17.Qc2 d5 18.a4 g5 19.Ra3 Rb6 20.Bc1 Rf7 21.Nd2 Rb4 22.Rb3 Rxb3
23.Qxb3 c4 24.Nxc4 dxc4 25.Qxc4 Ne5 26.Qxe6 Nd3 27.Rf1 Nc5 28.Qc4 Ncxe4 29.Nxe4 Nxe4
30.f3 Nd6 31.Qe6 Nf5 32.Qe4 Qc8 33.Re1 Rc7 34.Bd2 Rc2 35.Re2 Rxb2 36.Be1 Rxe2+
37.Qxe2 Nd4 38.Qd3 Qe6 39.Bd2 Qa2 40.a5 Nc6 41.h4 gxh4 42.gxh4 Ne5 43.Qd8+ Kh7
44.f4 Bf6 45.Qd4 Qg8+ 46.Kf1 Qc4+ 47.Qxc4 Nxc4  1/2-1/2

[Event "Linares"]
[Site "Linares"]
[Date "1995.??.??"]
[Round "11"]
[White "Ljubojevic, Ljubomir"]
[Black "Illescas Cordoba, Miguel"]
[Result "1/2-1/2"]
[WhiteElo "2580"]
[BlackElo "2595"]

1.e4 c5 2.Nf3 e6 3.d4 cxd4 4.Nxd4 Nf6 5.Nc3 Nc6 6.Ndb5 d6 7.Bf4 e5 8.Bg5 a6
9.Na3 b5 10.Bxf6 gxf6 11.Nd5 Bg7 12.c3 f5 13.exf5 Bxf5 14.Nc2 Be6 15.g3 O-O
16.Bg2 a5 17.O-O Rb8 18.Qh5 f5 19.Rad1 Kh8 20.Nce3 Ne7 21.Nxe7 Qxe7 22.g4 e4
23.gxf5 Bxa2 24.Kh1 Bf7 25.Qg4 b4 26.Nd5 Bxd5 27.Rxd5 bxc3 28.bxc3 Bxc3 29.Rfd1 Be5
30.Rxa5 Rb2 31.Qxe4 Rxf2 32.Ra8 Rf4 33.Qb7 Qxb7 34.Rxf8+ Kg7 35.Bxb7 Kxf8
36.Rd3 Rf1+ 37.Kg2 Rb1 38.Bc8 Rb2+ 39.Kf3 Rxh2 40.Ke4 Ke7 41.Rh3 Rxh3  1/2-1/2

[Event "Linares"]
[Site "Linares"]
[Date "1995.??.??"]
[Round "12"]
[White "Illescas Cordoba, Miguel"]
[Black "Sokolov, Ivan"]
[Result "0-1"]
[WhiteElo "2595"]
[BlackElo "2645"]

1.e4 e5 2.Nf3 Nc6 3.Bb5 a6 4.Bxc6 dxc6 5.O-O Bd6 6.d4 exd4 7.Qxd4 f6 8.c4 c5
9.Qd5 Ne7 10.Qh5+ g6 11.Qh4 O-O 12.Nc3 Qe8 13.Re1 g5 14.Qh6 Kh8 15.Nxg5 fxg5
16.Bxg5 Be5 17.f4 Bg7 18.Qh4 Ng6 19.Qh5 Be6 20.f5 Bxc4 21.fxg6 Qxg6 22.Qxg6 hxg6
23.e5 Rae8 24.Bf6 Bxf6 25.exf6 Rxe1+ 26.Rxe1 Rxf6 27.b3 Bd3 28.Nd5 Rf7 29.g3 Rd7
30.Nf6 Rd6 31.Ne8 Rc6 32.g4 c4 33.bxc4 Bxc4 34.a3 Bf7 35.g5 Bxe8 36.Rxe8+ Kg7
37.Kf2 Kf7 38.Re3 b5 39.h4 Rc2+ 40.Kg3 a5 41.Re5 c5 42.Kf4 b4 43.axb4 axb4
44.Re3 Rc3 45.Re1 b3 46.Rb1 c4 47.Ke5 Rc2 48.Rg1 Kg7 49.Ke6 Re2+ 50.Kd5 b2  0-1

[Event "Linares"]
[Site "Linares"]
[Date "1995.??.??"]
[Round "13"]
[White "Sokolov, Ivan"]
[Black "Khalifman, Alexander"]
[Result "1/2-1/2"]
[WhiteElo "2645"]
[BlackElo "2635"]

1.d4 Nf6 2.c4 c5 3.d5 b5 4.cxb5 a6 5.f3 e6 6.e4 exd5 7.exd5 Bd6 8.Qe2+ Kf8
9.Nc3 axb5 10.Be3 Ba6 11.Qd2 c4 12.a3 Qa5 13.Rd1 b4 14.axb4 Bxb4 15.Nh3 d6
16.Be2 Nbd7 17.O-O Bc5 18.Nf2 Bxe3 19.Qxe3 Qb6 20.Qd2 g6 21.Qh6+ Kg8 22.Rd2 Re8
23.Kh1 Qe3 24.Qxe3 Rxe3 25.Rc2 Kg7 26.Nfe4 Nxe4 27.Nxe4 Rb8 28.Bxc4 Bxc4
29.Rxc4 Rxb2 30.Nxd6 Ree2 31.Rg1 Ne5 32.Rc7 g5 33.h3 Kg6 34.Re7 Rbd2 35.Ne4 Nxf3
36.Nxd2 Nxg1 37.Ne4 Re1 38.Kh2 Rd1 39.d6 Ne2 40.d7 Nf4 41.Nc5 Kf6 42.Re8 Ne6
43.Nxe6 Rxd7 44.Nf8 Rd3 45.Nxh7+ Kg6 46.Nf8+ Kg7 47.Rb8 Rd2 48.Kg3 Rd4 49.Kf3 Rd2
50.Ra8 Rd4 51.Ke3 Rd1 52.Ke4 Rd2 53.g3 Rd1 54.Kf5 Rd5+ 55.Kg4 Rd3 56.Re8 Rd5
57.Ne6+ fxe6 58.Rxe6 Rd3 59.Re1 Kg6 60.Re6+  1/2-1/2

[Event "Linares"]
[Site "Linares"]
[Date "1995.??.??"]
[Round "13"]
[White "Karpov, Anatoly"]
[Black "Illescas Cordoba, Miguel"]
[Result "1/2-1/2"]
[WhiteElo "2780"]
[BlackElo "2595"]

1.d4 Nf6 2.c4 c6 3.Nc3 d5 4.e3 e6 5.Nf3 Nbd7 6.Bd3 dxc4 7.Bxc4 b5 8.Bd3 Bb7
9.O-O a6 10.e4 c5 11.d5 c4 12.Bc2 Qc7 13.Qe2 Bd6 14.Bg5 O-O-O 15.Rad1 h6
16.Bxf6 gxf6 17.a4 b4 18.Rd4 Bc5 19.dxe6 fxe6 20.Rxc4 Nb6 21.Rxc5 Qxc5 22.Na2 Kb8
23.Bb3 e5 24.Rc1 Qa5 25.Qe1 Rc8 26.Ra1 Rhd8 27.Nxb4 Ka8 28.Be6 Rc7 29.b3 Rd6
30.Bf5 Nc8 31.Nd5 Qxe1+ 32.Rxe1 Bxd5 33.exd5 Ne7 34.Bd3 Nxd5 35.Nh4 Ne7 36.Bc4 a5
37.g3 Ka7 38.Re3 Kb6 39.Kg2 Kc5 40.Nf3 Nc6 41.Ne1 Rd1 42.Kh3 Nd4 43.Nd3+ Kd6
44.f4 exf4 45.Nxf4 Re7 46.Rxe7 Kxe7 47.Nd5+ Kd6 48.Nxf6 Kc5 49.Kg4 Kb4 50.Nd5+ Ka3
51.Nc3 Rh1 52.Nb5+ Nxb5 53.axb5 Rxh2 54.b6 Rd2 55.b7 Rd8 56.Kh5 Kb4 57.Be6 Rb8
58.Bd5 Kc5 59.Bg2 Kb4 60.Bd5 Kc5 61.Bg2 Kb4  1/2-1/2